000 00614nam a2200205Ia 4500
003 GCL
008 140319s9999 xx 000 0 ara d
040 _aGCL /
_cGCL
082 0 4 _a301.21
_bم ا
245 1 0 _aاشكاليات التكوين الاجتماعى والفكريات الشعبية فى مصر
300 _a324 ص
490 _a
650 0 4 _aمصر
650 0 4 _aالاسلام والمجتمع
650 0 4 _aالثقافة
650 0 4 _aالمجتمع المصرى
650 0 4 _aالتغير الاجتماعى
650 0 4 _aمصر - الاحوال الاجتماعية
942 _2ddc
_cBK
999 _c38042
_d38042